000 01325cam a22003254i 4500
999 _c61311
_d61311
001 17679052
005 20240202122318.0
008 130329s2014 dcua b 001 0 eng
010 _a 2013006588
020 _a9781452271859 (alk. paper)
040 _aDLC
_beng
_cDLC
_erda
_dDLC
042 _apcc
050 0 0 _aJF1525.I6
_bC57 2014
080 _a355.40+327 C-59
100 1 _aClark, Robert M.
_921169
245 1 0 _aIntelligence collection /
_cRobert M. Clark.
264 1 _aWashinton, DC :
_bSage/CQ Press,
_c[2014]
300 _axxiv, 522 pages :
_bcolored illustrations ;
_c24 cm.
336 _atext
_2rdacontent
337 _aunmediated
_2rdamedia
338 _avolume
_2rdacarrier
504 _aIncludes bibliographical references and index.
650 0 _aIntelligence service
_xMethodology.
_921167
653 _aდაზვერვის კოლექცია
653 _a სამხედრო საქმე
653 _aპოლიტიკა
906 _a7
_bcbc
_corignew
_d1
_eecip
_f20
_gy-gencatlg
942 _2udc
_cᲬᲘᲒᲜᲘ
955 _bre04 2013-03-29
_ire04 2013-03-29 ck NAR
_axn09 2014-05-19 1 copy rec'd., to CIP ver.
_are06 2014-10-15 cp. 2 to Discard
_atd11 2015-03-03 ", University of Maryland University" removed from 245c (not on book, decimal removed before 2nd Cutter